01781nam a2200349 i 4500001001000000003000900010005001700019007000300036008004100039020001800080040003000098082001900128100007600147245011700223264004800340300002800388336002700416337003300443338002800476500005700504504003400561586004700595590002600642700003700668942001400705952013500719952013400854952012200988952012801110952017601238999001701414000044620DO-SdBNP20250408113911.0ta141209s2014 dr 000 0 spa d a9789945492354 aDO-SdBNPbspacBNPHUerda 4axxxxbxxxx2221 aChevalier, Reynaldo Paulino,d1965-eautor4aut.qChevalier, Nan95256213aEl domador de fieras y otros nanorrelatos /cReynaldo Paulino Chevalier (Nan) ; presentación Basilio Belliard. 4aSanto Domingo :bEditora Nacional,c©2014. a110 páginas ;c23 cm. atextobtxt2rdacontent asin mediaciónbn2rdamedia avolumenbnc2rdacarrier aIncluye datos biográficos del autor en las solapas aBibliografía : páginas 23 aPremio III Concurso Nacional Minificción aInventariado, 2025/BT1 aBelliard, Basilio,d1966-923510 2ddccLBS1 00102ddc56708DSaBNPHUbBNPHUcCTd2014-12-09l0o BNPHU DS p44620-30r2020-06-25te. 3w2020-06-25yLBS1ZPréstamo en sala 00102ddc56708DSaBNPHUbBNPHUcCTd2017-02-14l0oBNPHU DS p44620-40r2020-06-25te. 4w2020-06-25yLBS1ZPréstamo en sala 00102ddc51708PDaBNPHUbBNPHUcCTd2014-12-09l0oBNPHU PD p44620-10r2020-06-25w2020-06-25yLBS1ZNo se presta 00102ddc51708PDaBNPHUbBNPHUcCTd2014-12-09l0oBNPHU PD p44620-20r2020-06-25te. 2w2020-06-25yLBS1ZNo se presta 00102ddc56708DSaBNPHUbBNPHUcCTd2025-03-31eDonado por la Presidencia de la República Dominicana 2023.l0oBNPHU DS p2025-2268r2025-03-31te.5w2025-03-31yLBS1 c44109d44109